00505nam a2200169 a 45000010005000000030009000050080041000140400028000550820009000831000023000922450079001152600035001943000008002294900042002376500023002796500033003025996CO-ViMGA141112s2004 ck r 000 u spa d aCO-ViMGAbspacCO-ViMGA04aLASd1 aLastrego, Cristina10aEl dragón tomasón se disfraza / cLastrego Cristina , Testa Francesco  aBarcelona : bJuventud, c1984 a25p alAS AVENTURAS DEL DRAGóN TOMASóN.14aCUENTOS INFANTILES14aCUENTOS INFANTILES ITALIANOS